000 00663nam a2200217 a 4500
003 MX-MxUPN
005 20220427103803.0
008 991125s1932 mx a r 000 0 spa d
035 _aUPN01000001258
040 _aMX-MxUPN
_bspa
_cMX-MxUPN
041 0 _aspa
049 _aLT
050 4 _aS517 M6
_bD3 LE
100 1 _aDavis, C. W.
245 1 0 _aAgricultura para escuelas rurales :
_blibro de ejercicios /
_cpor C. W. Davis ; arreg. y anot. por E. Martínez de Alva.
260 _aMéxico :
_bSEP,
_c1932.
300 _a230 p. :
_bil.
490 0 _aBiblioteca del maestro rural mexicano ;
_v1
650 4 _aAGRICULTURA -
_xESTUDIO Y ENSEÑANZA
905 _aLibro
999 _c1258
_d1258